000 00516nam a22001697a 4500
999 _c62253
_d62253
005 20240905111845.0
008 240905c2005 enk||||| |||| 00| 0 eng d
022 _a0149 9246
041 _aeng
245 _aHastings International and Comparative Law Review :
_b2005 /
_cEditor K. Cornuelle.
260 _aCalifornia,
_c2005.
300 _aV.
653 _aსამართალი
653 _aპერიოდიკა
700 _aCornuelle, K.
_eრედაქტორი
_923165
942 _2udc
_cCR